01125cam a2200349 45000010005000000030004000050050017000090080041000260100017000670200015000840200018000990200015001170350012001320400023001440500015001670820015001821000041001972450108002382460044003462500019003902600048004093000041004573360026004983370028005243380027005525000053005795000022006325040029006546500026006836500032007097000034007413091HMS20251223111514.0721107s1972 moua b 001 0 eng  a 70189079  a0801646901 a9780801646904 a8434513463 a1710264 ahmschmsdhmsbspa04aWS300 S64400a618.9/21/51 aSmith, Carl H.q(Carl Henry),d1895-10aHematología pediátrica /cCarl H. Smith. With the editorial assistance of Denis R. Miller.h[libro]30aBlood diseases of infancy and childhood a2ª edición  aMadrid, España :bSalvat Editores,c1975. axix, 885 páginas :billus.c27 cm. atextbtxt2rdacontent aunmediatedbn2rdamedia avolumebnc2rdacarrier aEdited after the author's death by D. R. Miller. aIncluye índice  aIncludes bibliographies. 0aPediatric hematology. 02Hematología pediátrica 1 aMiller, Denis R.,d1934-eed.